5HLuxD.jpg

KING HENRY VIII SENIOR AND PRIMARY SCHOOL LIBRARY OPAC

The red pyramid (Record no. 3471)

000 -LEADER
fixed length control field 00989nam a22002297a 4500
005 - DATE AND TIME OF LATEST TRANSACTION
control field 20260127090047.0
008 - FIXED-LENGTH DATA ELEMENTS--GENERAL INFORMATION
fixed length control field 240126b ||||| |||| 00| 0 eng d
020 ## - INTERNATIONAL STANDARD BOOK NUMBER
International Standard Book Number 9780141325507
040 ## - CATALOGING SOURCE
Transcribing agency KH8
082 ## - DEWEY DECIMAL CLASSIFICATION NUMBER
Classification number 813.6
100 ## - MAIN ENTRY--PERSONAL NAME
Personal name Riordan, Rick
Relator term Author
245 ## - TITLE STATEMENT
Title The red pyramid
Statement of responsibility, etc. Rick Riordan
260 ## - PUBLICATION, DISTRIBUTION, ETC.
Place of publication, distribution, etc. New York,
Name of publisher, distributor, etc. Disney/Hyperion, an imprint of Disney Book Group,
Date of publication, distribution, etc. 2010
300 ## - PHYSICAL DESCRIPTION
Extent 516 pages
Other physical details illustrations
Dimensions 13 cm x 19 cm
440 ## - SERIES STATEMENT/ADDED ENTRY--TITLE
Title The Kane chronicles
Volume/sequential designation bk. 1
520 ## - SUMMARY, ETC.
Summary, etc. Brilliant Egyptologist Dr. Julius Kane accidentally unleashes the Egyptian god Set, who banishes the doctor to oblivion and forces his two children to embark on a dangerous journey, bringing them closer to the truth about their family and its links to a secret order that has existed since the time of the pharaohs
521 ## - TARGET AUDIENCE NOTE
Target audience note Grades 4-9 (School Library Journal).
650 ## - SUBJECT ADDED ENTRY--TOPICAL TERM
Topical term or geographic name entry element Action and adventure fiction
650 ## - SUBJECT ADDED ENTRY--TOPICAL TERM
Geographic subdivision Egypt
650 ## - SUBJECT ADDED ENTRY--TOPICAL TERM
Topical term or geographic name entry element Family secrets
942 ## - ADDED ENTRY ELEMENTS (KOHA)
Source of classification or shelving scheme
Koha item type Books - Fiction
Holdings
Withdrawn status Lost status Source of classification or shelving scheme Damaged status Not for loan Collection code Permanent Location Current Location Shelving location Date acquired Total Checkouts Full call number Barcode Date last seen Date last checked out Price effective from Koha item type Public note
          Fiction KH8 Primary School Library KH8 Primary School Library Fiction 2024-01-26 10 FIC RIO KHPL000004416 2025-12-05 2025-06-06 2024-01-26 Books - Fiction PRIMARY LIBRARY
          Fiction KH8 Senior School Library KH8 Senior School Library Fiction 2024-02-20   FIC RIO 3KHSL000102032 2024-07-22   2024-02-20 Books - Fiction  
          Fiction KH8 Senior School Library KH8 Senior School Library Fiction 2026-01-27   FIC RIO 3KHSL000102581 2026-01-27   2026-01-27 Books - Fiction  

Powered By KH8 IT Dept